Biblioteca

Science and the Christian experiment / A. R. Peacocke (Registro nro. 45937)

Detalles MARC
000 -LÍDER
Campo fijo de descripción fija 008870000a22002050004500
020 ## - NÚMERO INTERNACIONAL NORMALIZADO PARA LIBROS
Número Internacional Normalizado del libro 0-19-213953-3
082 04 - NÚMERO DE CLASIFICACIÓN DECIMAL DEWEY
Número de clasificación G 261.55 P356s
001 - NÚMERO DE CONTROL
Campo de control 19575
100 1# - ASIENTO PRINCIPAL--NOMBRE PERSONAL
Nombre personal Peacocke, A. R.
245 10 - TÍTULO
Título del Material Science and the Christian experiment / A. R. Peacocke
260 ## - PUBLICACIÓN, DISTRIBUCIÓN, ETC. (PIE DE IMPRENTA)
Lugar de publicación, distribución, etc. London : Oxford University Press
300 ## - DESCRIPCIÓN FÍSICA
Extensión xiii, 214 páginas
336 ## - CONTENT TYPE
Content type term texto
Content type code txt
Source rdacontent
337 ## - MEDIA TYPE
Source rdamedia
Media type term sin mediación
Media type code n
338 ## - CARRIER TYPE
Source rdacarrier
Carrier type term volumen
Carrier type code nc
501 ## - NOTA DE “CON”
Nota de Contenido Pasta dura
505 00 - NOTA DE CONTENIDO
Nota de contenido con formato preestablecido Las empresas científicas y teológicas - De la materia al hombre - Características distintivas de los procesos de evolución inorgánica y biológica - El experimento cristiano - Dios y el cosmos - Hombre, evolución y Cristo - La materia en las perspectivas teológicas y científicas - Hombre en un mundo científico
650 14 - ASIENTO SECUNDARIO DE MATERIA - TERMINO TEMÁTICO
Término temático o nombre geográfico como elemento de entrada Ciencia y Cristianismo \ Religión y ciencia
942 ## - TIPO DE MATERIAL (KOHA)
Tipo de Item KOHA Libros General
Existencias
Estado de Material Estado de Perdido Estado de Dañado No para Préstamo Colección Tomo Biblioteca de Origen Biblioteca Permanente Fecha de Adquisición Total de Préstamos Signatura Topográfica Código de Barras Última vez visto Ejemplar/Existencia Fecha de Remplazo Tipo de Material
        Colección General   Biblioteca FUSBC Biblioteca FUSBC 28/04/2015   G 261.55 P356s 19635 12/12/2019 1 26/01/2016 Libros General

Biblioteca FUSBC | Teléfono: (57+4) 349 88 10 Ext. 141| WhatsApp (+57) 3005338115 
E-mail: biblioteca@unisbc.edu.co | Calle 76 87-14 Robledo Palenque, Medellín, Colombia

Con tecnología Koha